Ordinis Iudiciarii et de modo procedendi in causis criminalibus tam in foro ecclesiastico, quam seculari agitandis, ...

Detalles Bibliográficos
Autor principal: MIRANDA, Luis de (Fray)
Formato: Libro
Publicado: Salamanca 1601
Materias:
Colección:Banco de datos
Acervo:Biblioteca Nacional de Antropología e Historia. Fondo Conventual
Tema general:Derecho Eclesiástico
Notas:Mala. XXI.18. Una de las guardas es una página de un texto desconocido, la otra es un manuscrito en latín.
LEADER 00820nam a22001930004500
035 |a 2938 
036 |a 412 
100 1 |a MIRANDA, Luis de (Fray). 
245 1 0 |a Ordinis Iudiciarii et de modo procedendi in causis criminalibus tam in foro ecclesiastico, quam seculari agitandis, ... 
260 |a Salamanca  |b Andrés Renaut  |c 1601 
500 |a Mala. XXI.18. Una de las guardas es una página de un texto desconocido, la otra es un manuscrito en latín. 
650 1 0 |a Derecho Eclesiástico 
949 |a B.N.A.H. 
959 |a Biblioteca Nacional de Antropología e Historia. Ciudad de México  |b CCC1 
960 |a Convento Grande de San Francisco de la ciudad de México  |b DD32 
961 |a Franciscana  |b OF 
942 |c B.N.A.H. 
943 |g Biblioteca Nacional de Antropología e Historia. Fondo Conventual 
999 |c 1027470  |d 1027470